|
|
|
|
| LEADER |
00559cam a2200145 7i4500 |
| 001 |
0000020501 |
| 005 |
20080127090000.0 |
| 090 |
0 |
0 |
|a CD 658.048
|b NAT [M]
|
| 110 |
2 |
0 |
|a National Institute of Public Administration [INTAN]
|
| 245 |
2 |
0 |
|a Planning for excellence :
|b strategic management for public sector organizations.
|
| 260 |
0 |
0 |
|a Kuala Lumpur:
|b INTAN,
|c 2006.
|
| 300 |
# |
# |
|a Electronic computer optical disc (CD-ROM).
|
| 650 |
0 |
0 |
|a Strategic planning
|
| 650 |
0 |
0 |
|a Strategic management --
|x Public sector
|
| 999 |
|
|
|a CDR000555H
|b CD-ROM
|c AV Collection
|e Business Information Centre
|